Metodología para el diseño de un sistema de abastecimiento de agua potable : (Registro nro. 23274)

Detalles MARC
000 -Cabecera
Campo de control interno 00501nam a2200181Ia 4500
005 - Fecha y hora del registro
control field 20260414150926.0
008 - Elementos de Longitud Fija
fixed length control field 260414t9999||||xx |||||||||||||| ||spa||
041 ## - Idioma
Codigo Idioma ESP
082 ## - DEWEY y NOTACIÓN INTERNA
Dewey 628.1
Notación Interna T59
100 ## - AUTOR
Autor denominación Tirado Picado, Víctor Rogelio
Término de relación autor
245 #0 - TÍTULO DE MATERIAL BIBLIOGRÁFICO
Título Metodología para el diseño de un sistema de abastecimiento de agua potable :
Título paralelo caso urbanización
260 ## - CIUDAD, EDITORIAL, AÑO
Año 0
300 ## - DESCRIPCIÓN
N° Páginas 127 páginas :
Dimensiones 28 cm.
650 ## - TEMAS
Temas
654 ## - PROGRAMAS
Programa Dpto. de Ingeniería Civil
942 ## - ELEMENTOS DE KOHA
Tipo de documento Libro
Nombre del creador Justo Noguera
Código de catalogador Justo Noguera
Esquema de clasificación Dewey Decimal Classification
Suppress in OPAC
Existencias
Codigo completo Registro Colección Copia número Disponibilidad Tipo de préstamo Biblioteca Actual Procedencia (Biblioteca) Ubicacón Fecha Ingreso Tipo de Adquisición Date last seen Total checkouts Price effective from Tipo de Item Estado del Material Damaged status Withdrawn status
628.1 T59 1065085 Universidad Católica San Pablo 1 Disponible Disponible Víctor Andrés Belaunde Víctor Andrés Belaunde Segundo piso 14/04/2026 Compra 14/04/2026   14/04/2026 Libro Bueno